ثقافة الحب والكراهية:مؤتمر فيلادلفيا الدولي الثالث عشر27-29 تشرين الاول(اكتوبر) 2008 ،بحوث محكمة (Record no. 17257)
[ view plain ]
| 000 -LEADER | |
|---|---|
| fixed length control field | 00968nam a2200205Ii 4500 |
| 003 - CONTROL NUMBER IDENTIFIER | |
| control field | JO-AjNU |
| 008 - FIXED-LENGTH DATA ELEMENTS--GENERAL INFORMATION | |
| fixed length control field | 230605s9999||||xx |||||||||||||| ||und|| |
| 017 ## - COPYRIGHT OR LEGAL DEPOSIT NUMBER | |
| Copyright or legal deposit number | 2009/10/4519 |
| 040 ## - CATALOGING SOURCE | |
| Original cataloging agency | JO-AjNU |
| Language of cataloging | ara |
| Description conventions | rda |
| Transcribing agency | JO-AjNU |
| 041 ## - LANGUAGE CODE | |
| Language code of text/sound track or separate title | ara |
| 050 14 - LIBRARY OF CONGRESS CALL NUMBER | |
| Classification number | BF724.3.E5.M883.2010 |
| 100 3# - MAIN ENTRY--PERSONAL NAME | |
| Personal name | ابو اصبع،صالح ، عصفور،محمد ، عبيد الله،محمد ، ربابعة،يوسف/مراجعة وتحرير, |
| Relator term | author |
| 9 (RLIN) | 33592 |
| 245 00 - TITLE STATEMENT | |
| Title | ثقافة الحب والكراهية:مؤتمر فيلادلفيا الدولي الثالث عشر27-29 تشرين الاول(اكتوبر) 2008 ،بحوث محكمة |
| 264 31 - PRODUCTION, PUBLICATION, DISTRIBUTION, MANUFACTURE, AND COPYRIGHT NOTICE | |
| Place of production, publication, distribution, manufacture | عمان:جامعة فيلادلفيا ، 2010 |
| 300 ## - PHYSICAL DESCRIPTION | |
| Extent | 492ص |
| Other physical details | بحوث باللغة الانجليزية ص1-ص62 |
| 336 ## - CONTENT TYPE | |
| Content type term | text |
| Content type code | txt |
| Source | rdacontent |
| 337 ## - MEDIA TYPE | |
| Media type term | unmediated |
| Media type code | n |
| Source | rdamedia |
| 338 ## - CARRIER TYPE | |
| Carrier type term | volume |
| Carrier type code | nc |
| Source | rdacarrier |
| 650 #4 - SUBJECT ADDED ENTRY--TOPICAL TERM | |
| Topical term or geographic name entry element | البغض-سيكولوجية الشخصية-علم نفس الافراد |
| 9 (RLIN) | 33593 |
| Withdrawn status | Lost status | Source of classification or shelving scheme | Damaged status | Not for loan | Home library | Current library | Shelving location | Date acquired | Total Checkouts | Full call number | Barcode | Date last seen | Price effective from | Koha item type |
|---|---|---|---|---|---|---|---|---|---|---|---|---|---|---|
| Library of Congress Classification | مكتبة جامعة عجلون الوطنية | مكتبة جامعة عجلون الوطنية | المجموعات العامة | 06/06/2023 | BF724.3.E5.M883.2010 | A13689 | 06/06/2023 | 06/06/2023 | Books |